[Event "Bad Zwesten op 17th"]
[Site "Bad Zwesten"]
[Date "2017.01.03"]
[Round "2"]
[White "Caliebe, Nanke"]
[Black "Hamann, Marcus"]
[Result "0-1"]
[WhiteElo "1492"]
[BlackElo "1769"]
[PlyCount "60"]
[EventDate "2017.01.02"]
[EventType "swiss"]
[EventRounds "7"]
[EventCountry "GER"]
[SourceTitle "CBM 176 Extra"]
[Source "ChessBase"]
[SourceDate "2017.03.02"]
[SourceVersion "1"]
[SourceVersionDate "2017.03.02"]
[SourceQuality "1"]

1. d4 d5 2. Nf3 Nf6 3. Bf4 Bf5 4. e3 e6 5. Bd3 Bg6 6. Bxg6 hxg6 7. Bg5 Be7 8. Nbd2 Nbd7 9. a3 c6 10. c4 0-0 11. 0-0 Nh5 12. Bxe7 Qxe7 13. Qb3 Rab8 14. Rfc1 f5 15. Rc3 Nhf6 16. Rac1 Ne4 17. R3c2 g5 18. Nxe4 fxe4 19. Nd2 g4 20. cxd5 exd5 21. Qa4 a6 22. Nb3 Rf6 23. Nc5 Nxc5 24. Rxc5 Qf7 25. Qb3 Rxf2 26. Re1 Rf8 27. Rcc1 g3 28. h3 Rxg2+ 29. Kxg2 Qf2+ 30. Kh1 Qh2# 0-1

[Event "Bad Zwesten op 17th"]
[Site "Bad Zwesten"]
[Date "2017.01.02"]
[Round "1"]
[White "Hamann, Marcus"]
[Black "Schulz, Karsten"]
[Result "0-1"]
[WhiteElo "1769"]
[BlackElo "2323"]
[PlyCount "78"]
[EventDate "2017.01.02"]
[EventType "swiss"]
[EventRounds "7"]
[EventCountry "GER"]
[SourceTitle "CBM 176 Extra"]
[Source "ChessBase"]
[SourceDate "2017.03.02"]
[SourceVersion "1"]
[SourceVersionDate "2017.03.02"]
[SourceQuality "1"]

1. e4 g6 2. d4 Bg7 3. Nf3 d6 4. Bd3 Nf6 5. 0-0 0-0 6. Bf4 Nc6 7. c3 Bg4 8. Be3 e5 9. d5 Ne7 10. Nbd2 Nd7 11. h3 Bxf3 12. Nxf3 h6 13. Nh2 f5 14. exf5 gxf5 15. f4 e4 16. Be2 Nb6 17. Bxb6 axb6 18. g4 Ng6 19. gxf5 Rxf5 20. Qc2 Rxf4 21. Kh1 Qe7 22. Bg4 Raf8 23. Qg2 Kh7 24. Be6 Nh4 25. Qe2 Qf6 26. Rxf4 Qxf4 27. Rf1 Nf3 28. Bg4 Qxh2+ 29. Qxh2 Nxh2 30. Rxf8 Nxg4 31. Rf7 Kg6 32. Rxc7 e3 33. Rc4 Nf2+ 34. Kg2 Nd3 35. Kf1 Nxb2 36. Rc7 Nd1 37. Rxb7 Nxc3 38. Rxb6 e2+ 39. Ke1 Be5 0-1

[Event "Lueneburg op-A"]
[Site "Lueneburg"]
[Date "2016.07.07"]
[Round "8"]
[White "Hamann, Marcus"]
[Black "Stork, Oliver"]
[Result "0-1"]
[WhiteElo "1836"]
[BlackElo "1974"]
[PlyCount "80"]
[EventDate "2016.07.01"]
[EventType "swiss"]
[EventRounds "9"]
[EventCountry "GER"]
[SourceTitle "CBM 173 Extra"]
[Source "ChessBase"]
[SourceDate "2016.08.29"]
[SourceVersion "1"]
[SourceVersionDate "2016.08.29"]
[SourceQuality "1"]

1. e4 c6 2. d4 d5 3. exd5 cxd5 4. Bd3 Nc6 5. Nf3 Nf6 6. 0-0 Bg4 7. c3 e6 8. h3 Bh5 9. Nbd2 Bd6 10. Nb3 0-0 11. Bg5 Rb8 12. Nbd2 Bg6 13. Qe2 Qc7 14. Bxf6 gxf6 15. Nh4 a6 16. Rac1 b5 17. b4 Bf4 18. Rc2 Rbc8 19. Nxg6 hxg6 20. Nb3 e5 21. dxe5 fxe5 22. g3 Bh6 23. Nc5 e4 24. Bxe4 dxe4 25. Qxe4 a5 26. a3 Rfe8 27. Qh4 Bg7 28. Rd1 Ne5 29. Qe4 Nc4 30. Qb7 Qxb7 31. Nxb7 Rc7 32. Nxa5 Nxa5 33. bxa5 Ra8 34. Rb1 Rxa5 35. Rb3 Bf8 36. Rcb2 Bxa3 37. Rxb5 Rxb5 38. Rxb5 Rxc3 39. Ra5 Bc5 40. Ra2 Rxg3+ 0-1

[Event "Lueneburg op-A"]
[Site "Lueneburg"]
[Date "2016.07.02"]
[Round "3"]
[White "Neumann, Frank"]
[Black "Hamann, Marcus"]
[Result "1-0"]
[WhiteElo "2043"]
[BlackElo "1836"]
[PlyCount "57"]
[EventDate "2016.07.01"]
[EventType "swiss"]
[EventRounds "9"]
[EventCountry "GER"]
[SourceTitle "CBM 173 Extra"]
[Source "ChessBase"]
[SourceDate "2016.08.29"]
[SourceVersion "1"]
[SourceVersionDate "2016.08.29"]
[SourceQuality "1"]

1. d4 f5 2. g3 d5 3. Bg2 Nf6 4. Nf3 c6 5. 0-0 Be6 6. b3 g6 7. Qd3 Bg7 8. c4 Ne4 9. Nc3 Bf7 10. cxd5 Nxc3 11. Qxc3 Bxd5 12. Bf4 Bxf3 13. Bxf3 Qxd4 14. Qc2 0-0 15. Rac1 Na6 16. Rfd1 Qf6 17. Rd7 e5 18. Rxb7 exf4 19. Qc4+ Kh8 20. Qxa6 fxg3 21. hxg3 Rad8 22. Rxa7 Qb2 23. Qxc6 Rf6 24. Qc7 Rfd6 25. Kg2 h5 26. Rc6 R6d7 27. Qa5 Rxa7 28. Qxd8+ Kh7 29. Qg5 1-0

[Event "Blankenburg op-A 19th"]
[Site "Blankenburg"]
[Date "2014.10.03"]
[Round "4"]
[White "Perkampus, Lars"]
[Black "Hamann, Marcus"]
[Result "1-0"]
[WhiteElo "1975"]
[BlackElo "1786"]
[PlyCount "69"]
[EventDate "2014.10.02"]
[EventType "swiss"]
[EventRounds "7"]
[EventCountry "GER"]
[SourceTitle "EXT 2023"]
[Source "ChessBase"]
[SourceDate "2022.10.05"]
[SourceVersion "1"]
[SourceVersionDate "2022.10.05"]
[SourceQuality "1"]

1. d4 f5 2. Nf3 Nf6 3. c4 e6 4. Nc3 c6 5. a3 d5 6. e3 Bd6 7. b4 0-0 8. Bd2 Ne4 9. Bd3 Qf6 10. c5 Bc7 11. Qe2 e5 12. dxe5 Bxe5 13. Nxe5 Qxe5 14. Rc1 Nxd2 15. Qxd2 Nd7 16. Ne2 Nf6 17. 0-0 Ng4 18. g3 Qe7 19. Nd4 Ne5 20. Qc2 Nxd3 21. Qxd3 a6 22. f4 Re8 23. Rc3 Qe4 24. Nf3 Qxd3 25. Rxd3 a5 26. Rb1 axb4 27. axb4 b6 28. cxb6 Rb8 29. Ne5 Rxb6 30. Rc3 Re6 31. b5 Ba6 32. Ra1 Rxe5 33. fxe5 Bxb5 34. Ra7 Rb8 35. Rca3 1-0

[Event "Blankenburg op-A 19th"]
[Site "Blankenburg"]
[Date "2014.10.02"]
[Round "1"]
[White "Hamann, Marcus"]
[Black "Hofmann, Annett"]
[Result "1-0"]
[WhiteElo "1786"]
[BlackElo "1992"]
[PlyCount "51"]
[EventDate "2014.10.02"]
[EventType "swiss"]
[EventRounds "7"]
[EventCountry "GER"]
[SourceTitle "EXT 2023"]
[Source "ChessBase"]
[SourceDate "2022.10.05"]
[SourceVersion "1"]
[SourceVersionDate "2022.10.05"]
[SourceQuality "1"]

1. e4 c5 2. Nf3 d6 3. d4 cxd4 4. Nxd4 Nf6 5. Nc3 a6 6. Be2 e6 7. 0-0 Nbd7 8. Be3 b5 9. Qd2 Bb7 10. f3 Be7 11. Kh1 0-0 12. a3 Qc7 13. Rac1 Rac8 14. Na2 d5 15. exd5 Nxd5 16. c4 Nxe3 17. Qxe3 bxc4 18. Nxe6 fxe6 19. Qxe6+ Rf7 20. Bxc4 Ne5 21. Bb3 Bc5 22. Rfe1 Bxf3 23. gxf3 Nxf3 24. Qe8+ Rxe8 25. Rxe8+ Bf8 26. Rxc7 1-0

[Event "Lueneburg op"]
[Site "Lueneburg"]
[Date "2014.08.15"]
[Round "7"]
[White "Hamann, Marcus"]
[Black "Rogozenco, Teodora Nana"]
[Result "1/2-1/2"]
[WhiteElo "1815"]
[BlackElo "2026"]
[PlyCount "85"]
[EventDate "2014.08.09"]
[EventType "swiss"]
[EventRounds "9"]
[EventCountry "GER"]
[SourceTitle "CBM 161 Extra"]
[Source "ChessBase"]
[SourceDate "2014.08.29"]
[SourceVersion "1"]
[SourceVersionDate "2014.08.29"]
[SourceQuality "1"]

1. e4 d6 2. d4 Nf6 3. Nc3 e5 4. dxe5 dxe5 5. Qxd8+ Kxd8 6. Bg5 Be6 7. 0-0-0+ Nbd7 8. Nf3 Kc8 9. h3 c6 10. a3 Bc5 11. Bh4 h6 12. Rd2 Nh5 13. Na4 g5 14. Nxc5 Nxc5 15. g4 Nxe4 16. Re2 Nhf6 17. Bg3 Nxg3 18. fxg3 Bd5 19. Bg2 Nd7 20. Rhe1 f6 21. b3 Kc7 22. c4 Bf7 23. Nd2 Nc5 24. Be4 Kd8 25. Rf2 Ke7 26. Ref1 Nxb3+ 27. Nxb3 Bxc4 28. Nd2 Bxf1 29. Nxf1 Rad8 30. Ne3 h5 31. gxh5 Rxh5 32. Bf5 Rd4 33. Bg4 Rxg4 34. hxg4 Rh1+ 35. Kb2 Ke6 36. Rd2 Re1 37. Nf5 Re4 38. Rd6+ Kf7 39. Rd7+ Ke6 40. Rd6+ Kf7 41. Rd7+ Ke6 42. Re7+ Kd5 43. Rxb7 1/2-1/2

[Event "Guernsey Holiday op"]
[Site "Guernsey"]
[Date "2012.10.26"]
[Round "6"]
[White "Nalichowski, Bogdan"]
[Black "Hamann, Marcus"]
[Result "0-1"]
[WhiteElo "1611"]
[BlackElo "1756"]
[PlyCount "48"]
[EventDate "2012.10.21"]
[EventType "swiss"]
[EventRounds "7"]
[EventCountry "GCI"]
[SourceTitle "EXT 2015"]
[Source "ChessBase"]
[SourceDate "2014.11.20"]
[SourceVersion "1"]
[SourceVersionDate "2014.11.20"]
[SourceQuality "1"]

1. e4 c5 2. Bc4 Nc6 3. Nf3 e6 4. Nc3 Nf6 5. d3 Be7 6. a3 0-0 7. Be3 d5 8. exd5 exd5 9. Ba2 d4 10. Bxd4 Nxd4 11. 0-0 Bg4 12. h3 Nxf3+ 13. gxf3 Bxh3 14. Re1 Qd6 15. Qd2 Nh5 16. Ne4 Qg6+ 17. Ng3 Nxg3 18. fxg3 Qxg3+ 19. Kh1 Qxf3+ 20. Kg1 Bf6 21. c3 Rae8 22. Qh2 Bg5 23. Rxe8 Rxe8 24. Qxh3 Qxh3 0-1

[Event "Guernsey Holiday op"]
[Site "Guernsey"]
[Date "2011.10.19"]
[Round "4"]
[White "Hamann, Marcus"]
[Black "Hoogakker, Peter"]
[Result "1/2-1/2"]
[WhiteElo "1728"]
[BlackElo "1754"]
[PlyCount "32"]
[EventDate "2011.10.16"]
[EventType "swiss"]
[EventRounds "7"]
[EventCountry "GCI"]
[SourceTitle "EXT 2015"]
[Source "ChessBase"]
[SourceDate "2014.11.20"]
[SourceVersion "1"]
[SourceVersionDate "2014.11.20"]
[SourceQuality "1"]

1. e4 e5 2. Nf3 d6 3. d4 Nf6 4. dxe5 Nxe4 5. Qd5 Nc5 6. Bg5 Be7 7. exd6 Qxd6 8. Nc3 Qxd5 9. Nxd5 Bd6 10. Be7 Ne6 11. Bxd6 cxd6 12. 0-0-0 Nc6 13. Bb5 Bd7 14. Rhe1 0-0-0 15. Bxc6 bxc6 16. Nb4 Kc7 1/2-1/2

[Event "Guernsey Holiday op"]
[Site "Guernsey"]
[Date "2011.10.16"]
[Round "1"]
[White "Curry, William"]
[Black "Hamann, Marcus"]
[Result "0-1"]
[WhiteElo "1528"]
[BlackElo "1728"]
[PlyCount "90"]
[EventDate "2011.10.16"]
[EventType "swiss"]
[EventRounds "7"]
[EventCountry "GCI"]
[SourceTitle "EXT 2015"]
[Source "ChessBase"]
[SourceDate "2014.11.20"]
[SourceVersion "1"]
[SourceVersionDate "2014.11.20"]
[SourceQuality "1"]

1. Nf3 Nf6 2. g3 d5 3. Bg2 e6 4. d3 Be7 5. 0-0 0-0 6. Re1 c5 7. Nbd2 Nc6 8. c3 Re8 9. Qc2 h6 10. b3 b6 11. Bb2 Bb7 12. Rad1 Qc7 13. e4 dxe4 14. dxe4 Rad8 15. e5 Ng4 16. h3 Ngxe5 17. Nxe5 Nxe5 18. Bxb7 Nd3 19. Be4 Nxe1 20. Rxe1 Bf6 21. Nf1 Rd7 22. Ne3 Red8 23. Ng4 Bg5 24. f4 Rd2 25. Qc1 f5 26. Ne5 fxe4 27. c4 Bf6 28. Bc3 e3 29. Nf3 Bxc3 30. Qxc3 R2d3 31. Qc2 Qb7 32. Qe2 Qe4 33. Kf1 Rd2 34. Qxe3 Qxe3 35. Rxe3 Rxa2 36. Rxe6 Rd3 37. Ng1 Rd1+ 38. Re1 Rxe1+ 39. Kxe1 Rb2 40. Ne2 Rxb3 41. Kd2 a5 42. Kc2 a4 43. Nc3 Rb4 44. Kd3 a3 45. h4 Rb2 0-1

[Event "Harburg-chE 2nd"]
[Site "Hamburg"]
[Date "2004.06.20"]
[Round "5"]
[White "Klawitter, Bernd"]
[Black "Hamann, Marcus"]
[Result "0-1"]
[WhiteElo "1485"]
[BlackElo "1551"]
[PlyCount "106"]
[EventDate "2004.06.18"]
[EventType "tourn"]
[EventRounds "5"]
[EventCountry "GER"]
[SourceTitle "EXT 2005"]
[Source "ChessBase"]
[SourceDate "2004.11.15"]
[SourceVersion "1"]
[SourceVersionDate "2004.11.15"]
[SourceQuality "1"]

1. b3 e5 2. Bb2 Nc6 3. e4 Bc5 4. Nf3 d6 5. Bb5 Bg4 6. h3 Bxf3 7. Qxf3 Qf6 8. Bxc6+ bxc6 9. Qe2 Ne7 10. d3 0-0 11. Nd2 Qg6 12. g4 Qf6 13. f3 Ng6 14. 0-0-0 Nf4 15. Qf1 d5 16. Kb1 Be3 17. h4 Bxd2 18. Rxd2 d4 19. g5 Qd6 20. h5 a5 21. a4 Rab8 22. Ka2 Rfc8 23. Ba3 Qe6 24. Rdh2 Rb7 25. g6 fxg6 26. hxg6 h6 27. Bc1 Rcb8 28. Qd1 Rb4 29. Ka3 Qd6 30. Ka2 Qe6 31. Ka3 R4b7 32. Bxf4 Qd6+ 33. Ka2 exf4 34. Qd2 Rb4 35. Rb1 c5 36. Rh5 Qd7 37. Kb2 Qxa4 38. Kc1 Qa3+ 39. Kd1 a4 40. Qxf4 Rf8 41. Rf5 Rbb8 42. Rxf8+ Rxf8 43. Qg4 Qa2 44. Qe6+ Kh8 45. Rc1 axb3 46. cxb3 Qf2 47. Qg4 Rxf3 48. Qc8+ Rf8 49. Qg4 Qf1+ 50. Kc2 Rf2+ 51. Kb1 Qxd3+ 52. Ka1 Qa6+ 53. Kb1 Qa2# 0-1

[Event "Harburg-chB 1st"]
[Site "Hamburg"]
[Date "2003.06.22"]
[Round "4"]
[White "Hamann, Marcus"]
[Black "Schroeder, Kai Uwe"]
[Result "0-1"]
[WhiteElo "1534"]
[BlackElo "1663"]
[PlyCount "40"]
[EventDate "2003.06.20"]
[EventType "tourn"]
[EventRounds "5"]
[EventCountry "GER"]
[SourceTitle "EXT 2005"]
[Source "ChessBase"]
[SourceDate "2004.11.15"]
[SourceVersion "1"]
[SourceVersionDate "2004.11.15"]
[SourceQuality "1"]

1. e4 e6 2. Nc3 d5 3. exd5 exd5 4. d4 Nf6 5. Be3 Bd6 6. Be2 c6 7. a3 Bf5 8. Qd2 Nbd7 9. 0-0-0 0-0 10. h3 b5 11. Na2 Ne4 12. Qe1 a5 13. Bd3 Qb6 14. c3 Rfb8 15. Bxe4 Bxe4 16. f3 Bg6 17. Kd2 b4 18. axb4 axb4 19. Nxb4 Bxb4 20. cxb4 Qb5 0-1

[Event "Harburg-chB 1st"]
[Site "Hamburg"]
[Date "2003.06.21"]
[Round "2"]
[White "Hamann, Marcus"]
[Black "Wolkenhauer, Dennis"]
[Result "0-1"]
[WhiteElo "1534"]
[BlackElo "1580"]
[PlyCount "64"]
[EventDate "2003.06.20"]
[EventType "tourn"]
[EventRounds "5"]
[EventCountry "GER"]
[SourceTitle "EXT 2005"]
[Source "ChessBase"]
[SourceDate "2004.11.15"]
[SourceVersion "1"]
[SourceVersionDate "2004.11.15"]
[SourceQuality "1"]

1. e4 c5 2. Nf3 d6 3. c3 Nf6 4. e5 dxe5 5. Nxe5 Nbd7 6. Bb5 a6 7. Qb3 e6 8. Bxd7+ Nxd7 9. Nf3 b5 10. 0-0 Bb7 11. Qd1 Bd6 12. d3 Qf6 13. Nbd2 Ne5 14. Nxe5 Qxe5 15. g3 Qd5 16. Ne4 0-0 17. f3 Rad8 18. Be3 Be7 19. d4 cxd4 20. Bxd4 f5 21. Nd2 e5 22. Be3 Bc5 23. Bxc5 Qxc5+ 24. Rf2 e4 25. Qb3+ Bd5 26. c4 bxc4 27. Nxc4 Bxc4 28. Qc2 e3 29. Re2 Rd2 30. Qc3 Rxe2 31. Rc1 Rd8 32. b3 Rxa2 0-1

[Event "Hamburg HSK DWZ op 1st"]
[Site "Hamburg"]
[Date "2002.09.27"]
[Round "2"]
[White "Hamann, Marcus"]
[Black "Marquardt, Rolf"]
[Result "0-1"]
[WhiteElo "1598"]
[BlackElo "1799"]
[PlyCount "68"]
[EventDate "2002.09.??"]
[EventType "swiss"]
[EventRounds "5"]
[EventCountry "GER"]
[SourceTitle "EXT 2006"]
[Source "ChessBase"]
[SourceDate "2005.11.24"]
[SourceVersion "1"]
[SourceVersionDate "2005.11.24"]
[SourceQuality "1"]

1. Nf3 Nf6 2. d4 d5 3. Nc3 c6 4. e3 Bf5 5. Bd3 Bxd3 6. Qxd3 Nbd7 7. 0-0 e6 8. a3 Bd6 9. Re1 0-0 10. e4 dxe4 11. Nxe4 Nxe4 12. Rxe4 Be7 13. Rg4 f5 14. Rg3 Rf7 15. Bg5 Qc7 16. Re1 Bd6 17. Rh3 Re8 18. g4 g6 19. gxf5 Rxf5 20. Re4 Bf4 21. Bxf4 Rxf4 22. Ng5 Nf8 23. Qg3 e5 24. Qb3+ Kg7 25. Rhe3 Rxe4 26. Rxe4 h6 27. Nf3 Qd7 28. Nxe5 Qe7 29. Qg3 Qd6 30. Rg4 Re6 31. h4 h5 32. Rg5 Qxd4 33. c3 Qd8 34. Rxh5 Qd1+ 0-1